Mahamatya Chanakya / (Record no. 30089)

MARC details
000 -LEADER
fixed length control field 00807nam a2200241 a 4500
005 - DATE AND TIME OF LATEST TRANSACTION
control field 20090905155845.0
008 - FIXED-LENGTH DATA ELEMENTS--GENERAL INFORMATION
fixed length control field 060731s1999 nyua b 000 0 eng d
010 ## - LCCN (DPL NO)
LC control number B-357039
020 ## - INTERNATIONAL STANDARD BOOK NUMBER
Terms of availability 150.00
035 ## - SYSTEM CONTROL NUMBER
System control number B-357039
037 ## - SOURCE OF ACQUISITION
Source of stock number/acquisition DBAD / PUB
040 ## - CATALOGING SOURCE
Original cataloging agency dpl
Language of cataloging English
082 ## - DEWEY DECIMAL CLASSIFICATION NUMBER
Classification number S
100 ## - MAIN ENTRY--PERSONAL NAME
Personal name Tiwari, Reema
245 ## - TITLE STATEMENT
Title Mahamatya Chanakya /
Statement of responsibility, etc by Reema Tiwari; illustrated by Shankar Nayak
260 ## - PUBLICATION, DISTRIBUTION, ETC. (IMPRINT)
Place of publication, distribution, etc NOIDA
Name of publisher, distributor, etc Acumen Publications
Date of publication, distribution, etc 2008
270 ## - ADDRESS
Address G-10, Second Floor, Ssector-22,
City NOIDA
Postal code UP
300 ## - PHYSICAL DESCRIPTION
Extent 104p.:
Dimensions 22cm(Hb)
Other physical details ill
650 ## - SUBJECT ADDED ENTRY--TOPICAL TERM
Source of heading or term Tales
700 ## - ADDED ENTRY--PERSONAL NAME
Personal name Nayak, Shankar
942 ## - ADDED ENTRY ELEMENTS (KOHA)
Source of classification or shelving scheme Dewey Decimal Classification
Item type Children Books
Call number suffix TIW
Classification part S
Holdings
Withdrawn status Lost status Source of classification or shelving scheme Damaged status Not for loan Collection code Home library Current library Date acquired Source of acquisition Cost, normal purchase price Total Checkouts Full call number Barcode Date last seen Copy number Cost, replacement price Koha item type
    Dewey Decimal Classification     Fiction Janak Puri Janak Puri 05/09/2009 DBAD / PUB 150.00 19 S TIW B-357039 27/06/2018 1 150.00 Children Books

© Delhi Public Library
Hit Counter
free hit counter